The wild grizzlies of Alaska ; a story of the grizzly and big brown bears of Alaska, their habits, manners and characteristics /

Bibliographic Details
Main Author: Holzworth, John Michael, 1888-
Format: Book
Language:English
Published: New York, London : G. P. Putnam's sons, [1930]
Subjects:

MARC

Tag First Indicator Second Indicator Subfields
LEADER 00000cam a2200000 4500
001 in00000043458
005 20151007072835.0
008 740405s1930 nyucf 00010 eng u
010 |a  30023333  
035 |a (OCoLC)00850341 
035 |9 AAE8658AM 
040 |c VTU  |d TXA  |d UtOrBLW 
049 |a TXAM  |c [137616] 
050 0 |a QL737.C2  |b H46 
092 |a 599.74446  |b H762w 
100 1 |a Holzworth, John Michael,  |d 1888- 
245 1 4 |a The wild grizzlies of Alaska ;  |b a story of the grizzly and big brown bears of Alaska, their habits, manners and characteristics /  |c together with notes on mountain sheep and caribou, collected by the author for the United States biological survey, by John M. Holzworth; with 84 illustrations from photographs and a map. 
264 1 |a New York,  |a London :  |b G. P. Putnam's sons,  |c [1930] 
264 4 |c ©1930 
300 |a xxi pages, 1., 417 pages :  |b color frontispiece, plates, portraits ;  |c 25 cm. 
336 |a text  |b txt  |2 rdacontent 
337 |a unmediated  |b n  |2 rdamedia 
338 |a volume  |b nc  |2 rdacarrier 
500 |a Maps on lining-papers. 
500 |a Frontispiece accompanied by guard sheet with descriptive letterpress. 
500 |a "First edition." 
650 0 |a Bears. 
650 0 |a Hunting  |z Alaska. 
650 0 |a Photography of animals. 
650 0 |a Mountain sheep. 
650 0 |a Caribou. 
999 |a MARS 
999 f f |s f878fcd7-71fa-3ff8-8fc2-be5840ee2ec0  |i 0b376641-839c-344d-8709-c75abe27acf0  |t 0 
952 f f |p ric  |a Texas A&M University  |b Rellis Campus  |c Joint Library Facility  |d Remote Storage  |t 0  |e QL737.C2 H46  |h Library of Congress classification  |i unmediated -- volume  |m A14801026226 
998 f f |a QL737.C2 H46  |t 0  |l Remote Storage